The compelete new herbal : (Record no. 127526)

MARC details
000 -LEADER
fixed length control field 00730nam a22002297a 4500
005 - DATE AND TIME OF LATEST TRANSACTION
control field 20170124110026.0
010 ## - LIBRARY OF CONGRESS CONTROL NUMBER
LC control number A-411369
020 ## - INTERNATIONAL STANDARD BOOK NUMBER
Terms of availability 00.00
International Standard Book Number 0241124395
035 ## - SYSTEM CONTROL NUMBER
System control number A-411369
037 ## - SOURCE OF ACQUISITION
Source of stock number/acquisition Cen Lib/Ret
040 ## - CATALOGING SOURCE
Original cataloging agency DPL
Language of cataloging EN
082 ## - DEWEY DECIMAL CLASSIFICATION NUMBER
Classification number 641.3
Item number COM
245 ## - TITLE STATEMENT
Title The compelete new herbal :
Statement of responsibility, etc edited by Richard Mabey...[et al.].
Remainder of title a practical guide to herbal living /
260 ## - PUBLICATION, DISTRIBUTION, ETC. (IMPRINT)
Place of publication, distribution, etc London
Name of publisher, distributor, etc Elm Tree Books
Date of publication, distribution, etc 1988
270 ## - ADDRESS
City London
Address 27, Wrights Lane
300 ## - PHYSICAL DESCRIPTION
Extent 288p.:
Dimensions 25cm(Hb)
Other physical details col. ill.
500 ## - GENERAL NOTE
General note Includes bibliographical references and index<br/>
650 ## - SUBJECT ADDED ENTRY--TOPICAL TERM
Topical term or geographic name as entry element Herbs
9 (RLIN) 20742
650 ## - SUBJECT ADDED ENTRY--TOPICAL TERM
Topical term or geographic name as entry element Herbs -- Use - Manuals
9 (RLIN) 20743
700 ## - ADDED ENTRY--PERSONAL NAME
Personal name Mabey, Richard
9 (RLIN) 20744
942 ## - ADDED ENTRY ELEMENTS (KOHA)
Source of classification or shelving scheme Dewey Decimal Classification
Koha item type English Books
Classification part 641.3
Call number suffix COM
Holdings
Withdrawn status Lost status Damaged status Not for loan Home library Current library Date acquired Source of acquisition Cost, normal purchase price Total Checkouts Full call number Barcode Date last seen Copy number Cost, replacement price Price effective from Koha item type Public note
Written off       Central Library Central Library 29/06/2015 Cen Lib/Ret 0.00   641.3 COM A-411369 29/06/2015 1 0.00 29/06/2015 English Books W/d List No. 6873/10 ; dtd 20/08/2020

© Delhi Public Library
Hit Counter
free hit counter